Building type basics for performing arts facilities / (Record no. 27113)

000 -LEADER
fixed length control field 02327cam a22003974a 4500
001 - CONTROL NUMBER
control field 13929547
003 - CONTROL NUMBER IDENTIFIER
control field OSt
005 - DATE AND TIME OF LATEST TRANSACTION
control field 20170207121749.0
008 - FIXED-LENGTH DATA ELEMENTS--GENERAL INFORMATION
fixed length control field 050414s2006 njua b 001 0 eng
010 ## - LIBRARY OF CONGRESS CONTROL NUMBER
LC control number 2005010712
015 ## - NATIONAL BIBLIOGRAPHY NUMBER
National bibliography number GBA588286
Source bnb
016 7# - NATIONAL BIBLIOGRAPHIC AGENCY CONTROL NUMBER
Record control number 013315612
Source Uk
020 ## - INTERNATIONAL STANDARD BOOK NUMBER
International Standard Book Number 9780471684381
020 ## - INTERNATIONAL STANDARD BOOK NUMBER
International Standard Book Number 0471684384 (cloth : acidfree paper)
035 ## - SYSTEM CONTROL NUMBER
System control number (OCoLC)ocm59817866
040 ## - CATALOGING SOURCE
Original cataloging agency DLC
Transcribing agency DLC
Modifying agency YDX
-- BAKER
-- UKM
-- DLC
042 ## - AUTHENTICATION CODE
Authentication code pcc
050 00 - LIBRARY OF CONGRESS CALL NUMBER
Classification number NA6821 .H227 2006
082 00 - DEWEY DECIMAL CLASSIFICATION NUMBER
Classification number 725/.83
Edition number 22
100 1# - MAIN ENTRY--PERSONAL NAME
Personal name Hardy, Hugh,
Dates associated with a name 2006-
245 10 - TITLE STATEMENT
Title Building type basics for performing arts facilities /
Statement of responsibility, etc. Hugh Hardy ; with chapters by Auerbach Pollock Friedlander ... [et al.].
246 30 - VARYING FORM OF TITLE
Title proper/short title Performing arts facilities
260 ## - PUBLICATION, DISTRIBUTION, ETC. (IMPRINT)
Place of publication, distribution, etc. Hoboken, N.J. :
Name of publisher, distributor, etc. John Wiley & Sons,
Date of publication, distribution, etc. 2006.
300 ## - PHYSICAL DESCRIPTION
Extent xi, 195 p., [16] p. of plates :
Other physical details ill. (some col.) ;
Dimensions 25 cm.
440 #0 - SERIES STATEMENT/ADDED ENTRY--TITLE
Title Building type basics series
500 ## - GENERAL NOTE
General note Includes bibliographical references (p. 177-181) and index.
505 0# - FORMATTED CONTENTS NOTE
Formatted contents note Preface -- Acknowledgments -- Foreword -- Planning the theater -- A place designed for performance -- An auditorium and stage design guide -- Stage design : technology and flexibility -- Backstage planning -- Incorporating building codes -- Principles of acoustic design -- Flexibility in acoustic design -- Lighting public spaces -- Bringing the new to old theaters -- Organization : process and team -- The business and art of theater management.
650 #0 - SUBJECT ADDED ENTRY--TOPICAL TERM
Topical term or geographic name as entry element Theater architecture.
650 #0 - SUBJECT ADDED ENTRY--TOPICAL TERM
Topical term or geographic name as entry element Theaters
General subdivision Designs and plans.
650 #0 - SUBJECT ADDED ENTRY--TOPICAL TERM
Topical term or geographic name as entry element Centers for the performing arts
General subdivision Designs and plans.
856 42 - ELECTRONIC LOCATION AND ACCESS
Materials specified Publisher description
Uniform Resource Identifier <a href="http://www.loc.gov/catdir/enhancements/fy0622/2005010712-d.html">http://www.loc.gov/catdir/enhancements/fy0622/2005010712-d.html</a>
856 41 - ELECTRONIC LOCATION AND ACCESS
Materials specified Table of contents only
Uniform Resource Identifier <a href="http://www.loc.gov/catdir/enhancements/fy0653/2005010712-t.html">http://www.loc.gov/catdir/enhancements/fy0653/2005010712-t.html</a>
856 42 - ELECTRONIC LOCATION AND ACCESS
Materials specified Contributor biographical information
Uniform Resource Identifier <a href="http://www.loc.gov/catdir/enhancements/fy0653/2005010712-b.html">http://www.loc.gov/catdir/enhancements/fy0653/2005010712-b.html</a>
906 ## - LOCAL DATA ELEMENT F, LDF (RLIN)
a 7
b cbc
c orignew
d 1
e ecip
f 20
g y-gencatlg
942 ## - ADDED ENTRY ELEMENTS (KOHA)
Source of classification or shelving scheme
Koha item type Hard Covered Materials
Classification part NA6821 .H227 2006
Call number prefix 34808
Holdings
Withdrawn status Lost status Source of classification or shelving scheme Damaged status Not for loan Home library Current library Shelving location Date acquired Source of acquisition Total Checkouts Full call number Barcode Date last seen Price effective from Koha item type
          MACHAKOS UNIVERSITY LIBRARY MACHAKOS UNIVERSITY LIBRARY Technical section 07/02/2017 Donation(BFA)   NA6821 .H227 2006 34808 10/07/2018 07/02/2017 Hard Covered Materials
© Machakos University Library, Along The Highway, Machakos Wote Rd, Machakos, Kenya P.O. Box 136 - 90100 Machakos - Kenya

Tel: ( +254 ) 723 805829 OR Fax : 044-20353 OR Email: library@mksu.ac.ke